[Event "First Lady's Cup"]
[Site "Surakarta/Denpasar INA"]
[Date "1982.03.08"]
[Round "23"]
[White "Radulov, Ivan"]
[Black "Gunawan, Ronny"]
[Result "0-1"]
[WhiteElo "2505"]
[BlackElo "2345"]
[EventDate "1982.02.10"]
[PlyCount "138"]

1.e4 e6 2.d4 d5 3.Nd2 Nf6 4.e5 Nfd7 5.f4 c5 6.c3 Nc6 7.Ndf3 Qb6 8.g3 f5 9.
Ne2 h5 10.Bg2 Ndb8 11.h3 Bd7 12.Kf2 a5 13.g4 cxd4 14.cxd4 g6 15.gxf5 gxf5 
16.Ng5 h4 17.Rg1 Na6 18.Bf3 Be7 19.Rb1 Bxg5 20.Rxg5 O-O-O 21.Be3 Kb8 22.
Nc3 Na7 23.Rg6 Qb4 24.a3 Qe7 25.Qg1 Rdf8 26.Qg5 Qe8 27.Rg7 Rf7 28.Rg1 Nb5 
29.Nxb5 Bxb5 30.Qg6 Rxg7 31.Qxe8+ Bxe8 32.Rxg7 Bh5 33.Bxh5 Rxh5 34.Bd2 b6 
35.Ke2 Kc8 36.Kd3 Rh8 37.Kc2 Nc7 38.Kb3 Kb7 39.a4 Kc6 40.Ka3 Ne8 41.Rg1 
Rh7 42.b4 axb4+ 43.Bxb4 Ng7 44.Rg6 Kd7 45.Bf8 Nh5 46.Bh6 Ng3 47.Kb4 Ne2 
48.Kb5 Kc7 49.Ka6 Nxd4 50.Bf8 Rh8 51.Rg7+ Kc6 52.Rf7 Rg8 53.Ka7 Nb3 54.Bd6
d4 55.Rb7 Rg3 56.Rxb6+ Kd5 57.Bb4 Rxh3 58.a5 Rh1 59.a6 h3 60.Rd6+ Kc4 61.
Rxe6 Kxb4 62.Kb8 Ra1 63.Rb6+ Kc5 64.Rh6 d3 65.e6 d2 66.e7 Re1 67.a7 Rxe7 
68.Rc6+ Kxc6 69.a8=Q+ Kb6 0-1

[Event "First Lady's Cup"]
[Site "Surakarta/Denpasar INA"]
[Date "1982.03.08"]
[Round "23"]
[White "Henley, Ronald Watson"]
[Black "Handoko, Edhi"]
[Result "1-0"]
[WhiteElo "2460"]
[BlackElo "2370"]
[EventDate "1982.02.10"]
[PlyCount "47"]

1.d4 Nf6 2.c4 g6 3.Nc3 d5 4.Nf3 Bg7 5.Qb3 dxc4 6.Qxc4 O-O 7.e4 Na6 8.Bg5 
c5 9.d5 Ng4 10.h3 Ne5 11.Nxe5 Bxe5 12.O-O-O Qa5 13.f4 b5 14.Nxb5 Bxb2+ 15.
Kxb2 Bd7 16.Qc3 Nb4 17.a3 Rfc8 18.Bh6 f6 19.d6 Bxb5 20.Bc4+ Kh8 21.dxe7 
Qb6 22.Bxb5 Rab8 23.axb4 cxb4 24.Qd4 1-0

[Event "First Lady's Cup"]
[Site "Surakarta/Denpasar INA"]
[Date "1982.03.08"]
[Round "23"]
[White "Kurajica, Bojan"]
[Black "Bachtiar, Arovah"]
[Result "1-0"]
[WhiteElo "2510"]
[BlackElo "2360"]
[EventDate "1982.02.10"]
[PlyCount "53"]

1.d4 Nf6 2.Nf3 e6 3.c4 d5 4.Nc3 Be7 5.Bg5 O-O 6.e3 Nbd7 7.Qc2 a6 8.cxd5 
exd5 9.Bd3 h6 10.Bf4 c5 11.g4 cxd4 12.exd4 Bb4 13.g5 hxg5 14.Nxg5 Ne4 15.
Rg1 Qa5 16.Nxe4 dxe4 17.Bc4 Bxc3+ 18.bxc3 Nf6 19.Rg5 Qa3 20.Be5 Ne8 21.Kd2
Be6 22.Rag1 g6 23.Bxe6 fxe6 24.Rxg6+ Kf7 25.Qxe4 Qxa2+ 26.Kd3 Qb3 27.Qh4 
1-0

[Event "First Lady's Cup"]
[Site "Surakarta/Denpasar INA"]
[Date "1982.03.09"]
[Round "24"]
[White "Ribli, Zoltan"]
[Black "Hort, Vlastimil"]
[Result "1/2-1/2"]
[WhiteElo "2590"]
[BlackElo "2590"]
[EventDate "1982.02.10"]
[PlyCount "24"]

1.c4 e5 2.Nc3 Nf6 3.d3 Nc6 4.Nf3 g6 5.g3 Nd4 6.Nxd4 exd4 7.Nb5 c5 8.Bg2 
Be7 9.Bh6 Ng4 10.Bd2 a6 11.Qa4 O-O 12.Qa3 d6 1/2-1/2

[Event "First Lady's Cup"]
[Site "Surakarta/Denpasar INA"]
[Date "1982.03.09"]
[Round "24"]
[White "Sosonko, Gennadi"]
[Black "Christiansen, Larry"]
[Result "1/2-1/2"]
[WhiteElo "2580"]
[BlackElo "2585"]
[EventDate "1982.02.10"]
[PlyCount "51"]

1.d4 d5 2.Nf3 Nf6 3.c4 c6 4.Nc3 e6 5.Qb3 Be7 6.g3 O-O 7.Bg2 Nbd7 8.O-O b6 
9.Bf4 Bb7 10.cxd5 Nxd5 11.Nxd5 exd5 12.Rad1 a5 13.a3 Re8 14.e4 a4 15.Qa2 
Nf8 16.Ne5 Ng6 17.Be3 Ra5 18.Rfe1 Bf8 19.Nxg6 hxg6 20.exd5 cxd5 21.Rc1 b5 
22.Bd2 Rxe1+ 23.Rxe1 Ra8 24.Rc1 Qd7 25.Bf4 Re8 26.Bf3 1/2-1/2

[Event "First Lady's Cup"]
[Site "Surakarta/Denpasar INA"]
[Date "1982.03.09"]
[Round "24"]
[White "Chandler, Murray Graham"]
[Black "Ardiansyah"]
[Result "0-1"]
[WhiteElo "2470"]
[BlackElo "2395"]
[EventDate "1982.02.10"]
[PlyCount "148"]

1.e4 c5 2.Nf3 d6 3.d4 cxd4 4.Nxd4 Nf6 5.Nc3 a6 6.Be3 e5 7.Nb3 Be7 8.f3 O-O
9.Qd2 Qc7 10.g4 Be6 11.g5 Nh5 12.O-O-O Nd7 13.Rg1 Rfc8 14.Rg2 b5 15.Nd5 
Bxd5 16.exd5 Nb6 17.Na5 Bf8 18.Kb1 g6 19.c4 Nxc4 20.Bxc4 bxc4 21.Qc3 Qd7 
22.Ka1 Bg7 23.Nxc4 Qh3 24.Rf2 e4 25.Qb4 a5 26.Qa4 Rab8 27.Nxa5 exf3 28.Nc6
Ra8 29.Qb3 Re8 30.Rdf1 Qh4 31.Rxf3 Qxh2 32.Rxf7 Qh4 33.a3 Qh3 34.R1f3 Qg2 
35.Ka2 Qg4 36.Bd2 Qe4 37.Rb7 Qe2 38.Bb4 Qg2 39.Rff7 Bxb2 40.Qxb2 Qxd5+ 41.
Ka1 Rxa3+ 42.Qxa3 Qd1+ 43.Ka2 Re2+ 44.Qb2 Qa4+ 45.Ba3 Qc4+ 46.Ka1 Re1+ 47.
Qb1 Rxb1+ 48.Kxb1 Qe4+ 49.Ka1 Qh1+ 50.Kb2 Qg2+ 51.Kb3 Qd5+ 52.Kb2 Qg2+ 53.
Ka1 Qh1+ 54.Rb1 Qxc6 55.Rbf1 Qa8 56.R7f3 Ng7 57.Rc3 Nf5 58.Rfc1 Kf7 59.Kb1
Qe4+ 60.Ka1 Ke6 61.Bb2 Nd4 62.Rf1 Nc2+ 63.Ka2 Nb4+ 64.Kb3 Nd3 65.Rf6+ Kd5 
66.Ba3 Nc5+ 67.Bxc5 Qb1+ 68.Ka3 dxc5 69.Rf4 Qb5 70.Rh4 c4 71.Rch3 Qa5+ 72.
Kb2 Qd2+ 73.Ka3 c3 74.Rh2 Qd1 0-1

[Event "First Lady's Cup"]
[Site "Surakarta/Denpasar INA"]
[Date "1982.03.09"]
[Round "24"]
[White "Suttles, Duncan"]
[Black "Keene, Raymond Dennis"]
[Result "1/2-1/2"]
[WhiteElo "2475"]
[BlackElo "2505"]
[EventDate "1982.02.10"]
[PlyCount "60"]

1.g3 d5 2.Bg2 c5 3.d3 Nc6 4.Nd2 Bg4 5.h3 Bh5 6.g4 Bg6 7.f4 e6 8.e4 h6 9.
Ngf3 dxe4 10.dxe4 Qc7 11.f5 Qg3+ 12.Kf1 Bh7 13.Qe2 Qc7 14.Nc4 Nf6 15.a4 
Be7 16.Ne1 Nd7 17.Nd3 Nb6 18.Bf4 Qd8 19.Ne3 Nd4 20.Qd2 O-O 21.a5 Nd7 22.
Rd1 Rc8 23.Ne1 Nb8 24.c3 Ndc6 25.Qf2 Qxa5 26.h4 Rcd8 27.Bf3 Qa4 28.N1g2 
Rxd1+ 29.Bxd1 Qa1 30.Kg1 Nd7 1/2-1/2

[Event "First Lady's Cup"]
[Site "Surakarta/Denpasar INA"]
[Date "1982.03.09"]
[Round "24"]
[White "Gunawan, Ronny"]
[Black "Gheorghiu, Florin"]
[Result "1/2-1/2"]
[WhiteElo "2345"]
[BlackElo "2550"]
[EventDate "1982.02.10"]
[PlyCount "63"]

1.e4 c5 2.Nf3 e6 3.c3 d5 4.exd5 Qxd5 5.d4 Nf6 6.Be2 Nc6 7.O-O Bd7 8.c4 Qd6
9.dxc5 Qxd1 10.Rxd1 Ne4 11.Be3 Bxc5 12.Bxc5 Nxc5 13.Nc3 Ke7 14.Rd2 Rhd8 
15.Rad1 Be8 16.Nd4 Nxd4 17.Rxd4 Rxd4 18.Rxd4 a5 19.f4 Ra6 20.Ne4 Nxe4 21.
Rxe4 Rd6 22.Bf3 Rd2 23.Re2 Rxe2 24.Bxe2 Kd6 25.Kf2 Bc6 26.Bd3 h6 27.g3 Kc5
28.Ke3 b6 29.Be2 f6 30.Kd3 b5 31.cxb5 Bxb5+ 32.Kd2 1/2-1/2

[Event "First Lady's Cup"]
[Site "Surakarta/Denpasar INA"]
[Date "1982.03.09"]
[Round "24"]
[White "Rodriguez Vargas, Orestes"]
[Black "Csom, Istvan"]
[Result "1/2-1/2"]
[WhiteElo "2430"]
[BlackElo "2505"]
[EventDate "1982.02.10"]
[PlyCount "37"]

1.d4 Nf6 2.Nf3 b6 3.Bg5 Bb7 4.Nbd2 e6 5.c3 Be7 6.e3 d6 7.h3 Nbd7 8.a4 O-O 
9.Bc4 Ne4 10.Nxe4 Bxe4 11.Bxe7 Qxe7 12.O-O Nf6 13.a5 Bc6 14.Qe2 Ne4 15.
axb6 axb6 16.Bb5 Qd7 17.Bxc6 Qxc6 18.Nd2 Nxd2 19.Qxd2 1/2-1/2

[Event "First Lady's Cup"]
[Site "Surakarta/Denpasar INA"]
[Date "1982.03.09"]
[Round "24"]
[White "Spasov, Luben"]
[Black "Maninang, Jesus Rafael"]
[Result "1/2-1/2"]
[WhiteElo "2410"]
[BlackElo "2385"]
[EventDate "1982.02.10"]
[PlyCount "37"]

1.d4 Nf6 2.c4 e6 3.Nf3 b6 4.a3 c5 5.d5 Ba6 6.Qc2 exd5 7.cxd5 Bb7 8.e4 Qe7 
9.Bd3 Nxd5 10.O-O Nc7 11.Bg5 f6 12.Bh4 Nc6 13.Nbd2 O-O-O 14.b4 d6 15.Bg3 
g5 16.Nc4 Ne6 17.Qa4 Kb8 18.Rfd1 Nf4 19.bxc5 1/2-1/2

[Event "First Lady's Cup"]
[Site "Surakarta/Denpasar INA"]
[Date "1982.03.09"]
[Round "24"]
[White "Bachtiar, Arovah"]
[Black "Henley, Ronald Watson"]
[Result "0-1"]
[WhiteElo "2360"]
[BlackElo "2460"]
[EventDate "1982.02.10"]
[PlyCount "72"]

1.e4 e6 2.d4 d5 3.Nd2 c5 4.exd5 exd5 5.Bb5+ Bd7 6.Qe2+ Be7 7.dxc5 Nf6 8.
Ngf3 O-O 9.Bxd7 Nbxd7 10.Nb3 Re8 11.O-O Nxc5 12.Nxc5 Bxc5 13.Qd3 Qb6 14.
Bg5 Ne4 15.Bh4 Qxb2 16.Qxd5 Qb6 17.Ne5 Qc7 18.Qxe4 Rxe5 19.Qd3 Qa5 20.Bg3 
Re7 21.Qb3 Rae8 22.h3 b6 23.Rad1 h6 24.Rd3 Qb4 25.Rf3 a5 26.c3 Qe4 27.Rd1 
a4 28.Qb2 Qc4 29.Rfd3 Re1+ 30.Kh2 R1e2 31.R3d2 h5 32.Rxe2 Rxe2 33.Rd8+ Kh7
34.Qb1+ g6 35.h4 Bxf2 36.Bxf2 Qc7+ 0-1

[Event "First Lady's Cup"]
[Site "Surakarta/Denpasar INA"]
[Date "1982.03.09"]
[Round "24"]
[White "Handoko, Edhi"]
[Black "Bellon Lopez, Juan Manuel"]
[Result "1-0"]
[WhiteElo "2370"]
[BlackElo "2400"]
[EventDate "1982.02.10"]
[PlyCount "81"]

1.e4 c5 2.Nf3 Nc6 3.d4 cxd4 4.Nxd4 g6 5.Be3 Nf6 6.Nc3 Bg7 7.Nxc6 bxc6 8.e5
Nd5 9.Nxd5 cxd5 10.Qxd5 Rb8 11.O-O-O O-O 12.Bxa7 Bb7 13.Qb5 Bxg2 14.Qxb8 
Qxb8 15.Bxb8 Bxh1 16.Bc7 Bc6 17.f4 g5 18.b4 Rc8 19.Bb6 Ba4 20.Rd2 gxf4 21.
Bd4 f3 22.Kb2 d6 23.exd6 e5 24.Bh3 Rb8 25.Ba7 e4+ 26.c3 Rxb4+ 27.Ka3 Rc4 
28.d7 Bxd7 29.Rxd7 Rxc3+ 30.Kb4 Rc2 31.Rd8+ Bf8+ 32.Kb3 Rxh2 33.Bf1 Rh5 
34.Re8 Ra5 35.Bb6 Rf5 36.Rxe4 Kg7 37.Bd4+ Kh6 38.Rh4+ Rh5 39.Rf4 f5 40.
Rxf3 Bd6 41.Be3+ 1-0

[Event "First Lady's Cup"]
[Site "Surakarta/Denpasar INA"]
[Date "1982.03.09"]
[Round "24"]
[White "Matanovic, Aleksandar"]
[Black "Radulov, Ivan"]
[Result "1/2-1/2"]
[WhiteElo "2495"]
[BlackElo "2505"]
[EventDate "1982.02.10"]
[PlyCount "26"]

1.e4 c6 2.d4 d5 3.Nc3 dxe4 4.Nxe4 Nd7 5.Nf3 Ngf6 6.Nxf6+ Nxf6 7.Ne5 Nd7 8.
Nxd7 Bxd7 9.Bd3 Bf5 10.O-O Bxd3 11.Qxd3 e6 12.Bf4 Bd6 13.Bxd6 Qxd6 1/2-1/2

[Event "First Lady's Cup"]
[Site "Surakarta/Denpasar INA"]
[Date "1982.03.09"]
[Round "24"]
[White "Suradiradja, Herman"]
[Black "Sampouw, Jacobus Sawandar"]
[Result "0-1"]
[WhiteElo "2380"]
[BlackElo "2305"]
[EventDate "1982.02.10"]
[PlyCount "54"]

1.e4 c5 2.Nf3 d6 3.d4 cxd4 4.Nxd4 Nf6 5.Nc3 a6 6.Bg5 e6 7.f4 b5 8.e5 dxe5 
9.fxe5 Qc7 10.Qe2 Nfd7 11.O-O-O Bb7 12.Nxe6 fxe6 13.Qh5+ g6 14.Qg4 Be7 15.
Bf4 b4 16.Ne2 Nc5 17.Nd4 Bd5 18.Bd3 Nbd7 19.Kb1 Nxd3 20.cxd3 Nc5 21.b3 Qb6
22.Be3 a5 23.h4 a4 24.h5 g5 25.Rd2 axb3 26.Nxb3 Bxb3 27.axb3 Qa6 0-1

[Event "First Lady's Cup"]
[Site "Surakarta/Denpasar INA"]
[Date "1982.03.11"]
[Round "25"]
[White "Sampouw, Jacobus Sawandar"]
[Black "Browne, Walter Shawn"]
[Result "0-1"]
[WhiteElo "2305"]
[BlackElo "2585"]
[EventDate "1982.02.10"]
[PlyCount "76"]

1.e4 c5 2.Nf3 d6 3.d4 cxd4 4.Nxd4 Nf6 5.Nc3 a6 6.Bg5 e6 7.f4 Be7 8.Qf3 
Nbd7 9.O-O-O Qc7 10.Bd3 h6 11.Qh3 Nb6 12.Nb3 Bd7 13.f5 e5 14.Kb1 Na4 15.
Bd2 Nxc3+ 16.Bxc3 a5 17.g4 Rg8 18.Qf3 Bc6 19.h4 d5 20.exd5 Nxd5 21.Bb5 
Nxc3+ 22.Qxc3 a4 23.Bxc6+ Qxc6 24.Qxc6+ bxc6 25.Nd2 g6 26.Nc4 f6 27.fxg6 
Rxg6 28.Rhg1 Bc5 29.Rg2 Ke7 30.Re2 Ke6 31.b4 axb3 32.cxb3 Rxg4 33.Rc2 Bd4 
34.h5 Rg3 35.Nb2 Kd5 36.Na4 Ra5 37.Nc3+ Ke6 38.Ne4 Rg1 0-1

[Event "First Lady's Cup"]
[Site "Surakarta/Denpasar INA"]
[Date "1982.03.11"]
[Round "25"]
[White "Hort, Vlastimil"]
[Black "Suttles, Duncan"]
[Result "1-0"]
[WhiteElo "2590"]
[BlackElo "2475"]
[EventDate "1982.02.10"]
[PlyCount "117"]

1.e4 g6 2.d4 Bg7 3.Nc3 d6 4.f4 Nf6 5.Nf3 c5 6.Bb5+ Bd7 7.Bxd7+ Nbxd7 8.e5 
Nh5 9.Be3 O-O 10.Qd2 cxd4 11.Bxd4 Bh6 12.Be3 Nb6 13.b3 Rc8 14.O-O-O dxe5 
15.fxe5 Qxd2+ 16.Bxd2 Bxd2+ 17.Kxd2 Nf4 18.g3 Rfd8+ 19.Kc1 Rxd1+ 20.Nxd1 
Nd3+ 21.Kb1 Nb4 22.c4 Rd8 23.Nb2 Nc6 24.Re1 Kf8 25.a3 Ke8 26.Kc2 a5 27.Kc3
Na8 28.Rd1 Rxd1 29.Nxd1 Nc7 30.Nb2 Kd7 31.Nd3 Ne6 32.b4 b6 33.Nf4 axb4+ 
34.axb4 Nxf4 35.gxf4 f6 36.exf6 exf6 37.Nd4 Ne7 38.Kd3 h6 39.Ke4 Kd6 40.
Nb5+ Kc6 41.Nc3 Kd6 42.Na4 Kc6 43.Nc3 Kd6 44.Nb5+ Kc6 45.Kd3 Kd7 46.Nc3 
Kd6 47.b5 g5 48.Na4 Kc7 49.Ke4 h5 50.fxg5 fxg5 51.Ke5 h4 52.Nc3 g4 53.Ne4 
Nc8 54.Kf4 g3 55.hxg3 hxg3 56.Kxg3 Nd6 57.Nd2 Nxb5 58.cxb5 Kd6 59.Ne4+ 1-0

[Event "First Lady's Cup"]
[Site "Surakarta/Denpasar INA"]
[Date "1982.03.11"]
[Round "25"]
[White "Keene, Raymond Dennis"]
[Black "Sosonko, Gennadi"]
[Result "1/2-1/2"]
[WhiteElo "2505"]
[BlackElo "2580"]
[EventDate "1982.02.10"]
[PlyCount "28"]

1.d4 Nf6 2.c4 e6 3.Nf3 d5 4.Nc3 Be7 5.Bg5 O-O 6.e3 Nbd7 7.Rc1 c6 8.Bd3 
dxc4 9.Bxc4 Nd5 10.Bxe7 Qxe7 11.O-O Nxc3 12.Rxc3 e5 13.Qc2 exd4 14.exd4 
Nb6 1/2-1/2

[Event "First Lady's Cup"]
[Site "Surakarta/Denpasar INA"]
[Date "1982.03.11"]
[Round "25"]
[White "Christiansen, Larry"]
[Black "Suradiradja, Herman"]
[Result "0-1"]
[WhiteElo "2585"]
[BlackElo "2380"]
[EventDate "1982.02.10"]
[PlyCount "166"]

1.Nf3 Nf6 2.g3 g6 3.b3 Bg7 4.Bb2 d6 5.d4 Nbd7 6.Bg2 O-O 7.O-O e5 8.dxe5 
Ng4 9.Qd2 dxe5 10.h3 Nh6 11.Rd1 f6 12.c4 Nf7 13.Nc3 Re8 14.e4 c6 15.b4 Bf8
16.c5 a5 17.a3 axb4 18.axb4 Rxa1 19.Bxa1 b6 20.Bf1 bxc5 21.b5 cxb5 22.Bxb5
Nd6 23.Bc6 Qc7 24.Qd5+ Kg7 25.Na4 Nf7 26.Bb5 Rd8 27.Qc6 Qxc6 28.Bxc6 Nb8 
29.Rxd8 Nxd8 30.Bd5 Nbc6 31.Kg2 Nb4 32.Bc4 Be6 33.Nd2 Kf7 34.Bc3 Bxc4 35.
Nxc4 Ke6 36.f4 exf4 37.gxf4 Ndc6 38.Kf3 Nd4+ 39.Ke3 Nb5 40.Bb2 Be7 41.Nd2 
Nc2+ 42.Kd3 Nb4+ 43.Ke3 f5 44.Be5 Na3 45.Nb3 Nc4+ 46.Ke2 Nxe5 47.exf5+ 
gxf5 48.fxe5 Na6 49.Na5 Kxe5 50.Kf3 Nb4 51.Nc4+ Ke6 52.Nc3 Nc6 53.Kf4 h6 
54.Nb6 Bd6+ 55.Kf3 Be5 56.Nca4 Bd4 57.Nc4 Ne5+ 58.Nxe5 Kxe5 59.Nb6 Ke6 60.
Nc4 Bf6 61.Nb6 Bg5 62.Ke2 Ke5 63.Nc4+ Kd4 64.Nd6 Ke5 65.Nc4+ Kd5 66.Kd3 
Bf4 67.Nb6+ Kc6 68.Nc4 Kb5 69.Kc3 Bg3 70.Na3+ Kc6 71.Kd3 Kd5 72.Nc4 Bf2 
73.Nb6+ Kc6 74.Nc4 Bd4 75.Na5+ Kd5 76.Nc4 f4 77.Nd2 h5 78.Nf3 c4+ 79.Ke2 
Be3 80.h4 Ke4 81.Ng5+ Kd4 82.Ne6+ Kc3 83.Ng7 Kb3 0-1

[Event "First Lady's Cup"]
[Site "Surakarta/Denpasar INA"]
[Date "1982.03.11"]
[Round "25"]
[White "Radulov, Ivan"]
[Black "Chandler, Murray Graham"]
[Result "1/2-1/2"]
[WhiteElo "2505"]
[BlackElo "2470"]
[EventDate "1982.02.10"]
[PlyCount "21"]

1.e4 c6 2.d4 d5 3.Nd2 dxe4 4.Nxe4 Nd7 5.Nf3 Ngf6 6.Nxf6+ Nxf6 7.Ne5 Be6 8.
Be2 g6 9.O-O Bg7 10.c3 O-O 11.Bf4 1/2-1/2

[Event "First Lady's Cup"]
[Site "Surakarta/Denpasar INA"]
[Date "1982.03.11"]
[Round "25"]
[White "Henley, Ronald Watson"]
[Black "Miles, Anthony John"]
[Result "1-0"]
[WhiteElo "2460"]
[BlackElo "2575"]
[EventDate "1982.02.10"]
[PlyCount "51"]

1.d4 Nc6 2.Nf3 d5 3.c4 Bg4 4.cxd5 Bxf3 5.dxc6 Bxc6 6.Nc3 Nf6 7.f3 e5 8.
dxe5 Nd7 9.e4 Bb4 10.Qb3 Qh4+ 11.g3 Qe7 12.Be2 Nxe5 13.Bf4 Ng6 14.O-O-O 
Nxf4 15.gxf4 Rd8 16.Rxd8+ Kxd8 17.Nd5 Qc5+ 18.Kb1 Ba5 19.Rc1 Qd6 20.Rd1 
Ke8 21.Bb5 Rf8 22.Qa4 Bxb5 23.Qxa5 Qc5 24.Qxb5+ Qxb5 25.Nxc7+ Ke7 26.Nxb5 
1-0

[Event "First Lady's Cup"]
[Site "Surakarta/Denpasar INA"]
[Date "1982.03.11"]
[Round "25"]
[White "Maninang, Jesus Rafael"]
[Black "Ribli, Zoltan"]
[Result "0-1"]
[WhiteElo "2385"]
[BlackElo "2590"]
[EventDate "1982.02.10"]
[PlyCount "66"]

1.e4 c5 2.Nf3 d6 3.d4 cxd4 4.Nxd4 Nf6 5.Nc3 a6 6.Bg5 e6 7.f4 Qb6 8.Qd2 
Qxb2 9.Rb1 Qa3 10.f5 Nc6 11.fxe6 fxe6 12.Nxc6 bxc6 13.e5 dxe5 14.Bxf6 gxf6
15.Ne4 Be7 16.Be2 h5 17.Rb3 Qa4 18.Nxf6+ Bxf6 19.c4 Bh4+ 20.g3 Be7 21.O-O 
h4 22.Qd3 Qa5 23.Qg6+ Kd8 24.Qg7 Re8 25.Bh5 Ra7 26.Kh1 h3 27.Bxe8 Qxa2 28.
Bxc6 Qxb3 29.Qxe5 Qb6 30.Be4 Rd7 31.Qh8+ Kc7 32.Qxh3 Bb7 33.Qg4 Rd4 0-1

[Event "First Lady's Cup"]
[Site "Surakarta/Denpasar INA"]
[Date "1982.03.11"]
[Round "25"]
[White "Gheorghiu, Florin"]
[Black "Matanovic, Aleksandar"]
[Result "1/2-1/2"]
[WhiteElo "2550"]
[BlackElo "2495"]
[EventDate "1982.02.10"]
[PlyCount "25"]

1.d4 Nf6 2.c4 e6 3.Nf3 b6 4.g3 Bb7 5.Bg2 Be7 6.O-O O-O 7.Nc3 Ne4 8.Qc2 
Nxc3 9.Qxc3 f5 10.b3 Bf6 11.Ba3 d6 12.Rfd1 Qe8 13.Rac1 1/2-1/2

[Event "First Lady's Cup"]
[Site "Surakarta/Denpasar INA"]
[Date "1982.03.11"]
[Round "25"]
[White "Csom, Istvan"]
[Black "Gunawan, Ronny"]
[Result "1-0"]
[WhiteElo "2505"]
[BlackElo "2345"]
[EventDate "1982.02.10"]
[PlyCount "85"]

1.d4 Nf6 2.c4 g6 3.g3 Bg7 4.Bg2 O-O 5.Nf3 d6 6.Nc3 Nc6 7.O-O a6 8.b3 Rb8 
9.Bb2 b5 10.cxb5 axb5 11.Rc1 Bd7 12.Ne1 Na5 13.Nd3 Re8 14.Nb1 c6 15.Nd2 
Qb6 16.b4 Nb7 17.e4 Rec8 18.Qe2 Bg4 19.f3 Be6 20.a3 Nd7 21.Qf2 Qa6 22.Nf4 
Bc4 23.Nxc4 bxc4 24.Bh3 Rd8 25.Rfd1 Nb6 26.d5 Bxb2 27.Qxb2 Na4 28.Qe2 c5 
29.Rxc4 Nb6 30.Rc3 Qa4 31.Nd3 Qb5 32.Rdc1 Ra8 33.Qe3 Na4 34.R3c2 Ra7 35.
Bf1 Qd7 36.h4 Rda8 37.h5 Nb6 38.hxg6 fxg6 39.bxc5 dxc5 40.Nxc5 Qd6 41.Ne6 
Nd8 42.Nxd8 Rxd8 43.Qf2 1-0

[Event "First Lady's Cup"]
[Site "Surakarta/Denpasar INA"]
[Date "1982.03.11"]
[Round "25"]
[White "Hulak, Krunoslav"]
[Black "Handoko, Edhi"]
[Result "1-0"]
[WhiteElo "2490"]
[BlackElo "2370"]
[EventDate "1982.02.10"]
[PlyCount "67"]

1.e4 c5 2.Nf3 d6 3.d4 cxd4 4.Nxd4 Nf6 5.Nc3 g6 6.g3 Bg7 7.Bg2 O-O 8.O-O 
Bg4 9.Nde2 Nc6 10.h3 Be6 11.Nd5 Rc8 12.Re1 Ne5 13.Nd4 Bd7 14.a4 Nc4 15.c3 
e5 16.Nxf6+ Qxf6 17.Nc2 Be6 18.Nb4 Qe7 19.Nd5 Qd7 20.Kh2 f5 21.b3 Na5 22.
exf5 Rxf5 23.Ra2 Rcf8 24.Be3 e4 25.Bxe4 Re5 26.Bg2 Rff5 27.c4 Rh5 28.Nf4 
Bg4 29.f3 Be6 30.Nxh5 Rxh5 31.g4 Be5+ 32.Kg1 Rh4 33.f4 Bc3 34.Bf2 1-0

[Event "First Lady's Cup"]
[Site "Surakarta/Denpasar INA"]
[Date "1982.03.11"]
[Round "25"]
[White "Ardiansyah"]
[Black "Spasov, Luben"]
[Result "1/2-1/2"]
[WhiteElo "2395"]
[BlackElo "2410"]
[EventDate "1982.02.10"]
[PlyCount "20"]

1.c4 Nf6 2.Nc3 e6 3.Nf3 c5 4.e3 Nc6 5.Be2 d5 6.cxd5 exd5 7.d4 cxd4 8.Nxd4 
Bd6 9.O-O O-O 10.Nf3 Bg4 1/2-1/2

[Event "First Lady's Cup"]
[Site "Surakarta/Denpasar INA"]
[Date "1982.03.11"]
[Round "25"]
[White "Bellon Lopez, Juan Manuel"]
[Black "Bachtiar, Arovah"]
[Result "1-0"]
[WhiteElo "2400"]
[BlackElo "2360"]
[EventDate "1982.02.10"]
[PlyCount "141"]

1.e4 c5 2.Nf3 d6 3.d4 cxd4 4.Nxd4 Nf6 5.Nc3 a6 6.f4 g6 7.Be2 Bg7 8.Nb3 Nc6
9.Be3 O-O 10.O-O b5 11.Bf3 Bb7 12.e5 dxe5 13.Nc5 e4 14.N3xe4 Nxe4 15.Bxe4 
Qc8 16.c3 Na5 17.Nxb7 Nxb7 18.Qf3 Rb8 19.Ba7 Nd6 20.Bxb8 Qxb8 21.Bd3 a5 
22.Rfe1 b4 23.Rxe7 bxc3 24.bxc3 Qb2 25.Rd1 Bxc3 26.Qd5 Bb4 27.Rd7 Ne8 28.
Qb3 Qf6 29.f5 Qb6+ 30.Kh1 Nf6 31.Rxf7 Rxf7 32.fxg6 hxg6 33.Bxg6 Qc7 34.a3 
Bf8 35.Rf1 Kg7 36.Bxf7 Qxf7 37.Qxf7+ Kxf7 38.Rf5 Bxa3 39.Rxa5 Bd6 40.g3 
Ke6 41.Kg2 Ne4 42.Kf3 Nd2+ 43.Kg4 Ne4 44.Ra4 Ke5 45.Ra8 Kd4 46.Ra2 Ke3 47.
Rb2 Nf2+ 48.Kf5 Kf3 49.Rb3+ Kg2 50.h4 Bxg3 51.h5 Bd6 52.h6 Bc5 53.h7 Bd4 
54.Rb6 Bxb6 55.h8=Q Be3 56.Qc3 Kf3 57.Qc2 Bd4 58.Qd2 Be3 59.Qb2 Kg2 60.Qe2
Bb6 61.Qd2 Bc7 62.Qd5+ Kh2 63.Qf3 Bg3 64.Ke6 Kh3 65.Kd5 Ng4 66.Qf1+ Kh4 
67.Ke4 Nh2 68.Qf5 Be1 69.Ke3 Kg3 70.Ke2 Bb4 71.Qd3+ 1-0

[Event "First Lady's Cup"]
[Site "Surakarta/Denpasar INA"]
[Date "1982.03.11"]
[Round "25"]
[White "Kurajica, Bojan"]
[Black "Rodriguez Vargas, Orestes"]
[Result "1/2-1/2"]
[WhiteElo "2510"]
[BlackElo "2430"]
[EventDate "1982.02.10"]
[PlyCount "27"]

1.d4 Nf6 2.Nf3 e6 3.c4 d5 4.Nc3 Be7 5.Bg5 O-O 6.e3 h6 7.Bh4 b6 8.cxd5 Nxd5
9.Bxe7 Qxe7 10.Nxd5 exd5 11.Be2 Be6 12.Ne5 c5 13.O-O Nd7 14.Nxd7 1/2-1/2